书目信息 |
| 题名: |
元朝其实很有趣儿
|
|
| 作者: | 清隐 著 | |
| 分册: | ||
| 出版信息: | 北京 中国工人出版社 2011.11 |
|
| 页数: | 307页 | |
| 开本: | 24cm | |
| 丛书名: | ||
| 单 册: | ||
| 中图分类: | K247.09 | |
| 科图分类: | ||
| 主题词: | 元代--古代史--通俗读物 , 元代 , 古代史 | |
| 电子资源: | ||
| ISBN: | 978-7-5008-5043-4 | |
| 000 | 00786nam0 2200253 450 | |
| 001 | 010700115562 | |
| 005 | 20120619161356.78 | |
| 010 | @a978-7-5008-5043-4@dCNY32.80 | |
| 100 | @a20111105d2011 em y0chiy50 ea | |
| 101 | 0 | @achi |
| 102 | @aCN@b110000 | |
| 105 | @ay z 000yy | |
| 106 | @ar | |
| 200 | 1 | @a元朝其实很有趣儿@9yuan chao qi shi hen you qu er@f清隐著 |
| 210 | @a北京@c中国工人出版社@d2011.11 | |
| 215 | @a307页@d24cm | |
| 330 | @a本书共分为十六章,主要内容包括:伸向新媳妇的魔爪;癞蛤蟆想吃天鹅肉;孕妇更衣处;都是好色惹的祸;骇人听闻的惨案;上帝之鞭等。 | |
| 606 | 0 | @a元代@x古代史@j通俗读物 |
| 606 | 0 | @a元代 |
| 606 | 0 | @a古代史 |
| 690 | @aK247.09@v4 | |
| 701 | 0 | @a清隐@9qing yin@4著 |
| 801 | 0 | @aCN@bRENTIAN@c20111105 |
| 905 | @b538394-98@dK247.09@e32@f5 | |
| 元朝其实很有趣儿/清隐著.-北京:中国工人出版社,2011.11 |
| 307页;24cm |
| ISBN 978-7-5008-5043-4:CNY32.80 |
| 本书共分为十六章,主要内容包括:伸向新媳妇的魔爪;癞蛤蟆想吃天鹅肉;孕妇更衣处;都是好色惹的祸;骇人听闻的惨案;上帝之鞭等。 |
| ● |
| 相关链接 |
|
|
|
|
正题名:元朝其实很有趣儿
索取号:K247.09/32
 
预约/预借
| 序号 | 登录号 | 条形码 | 馆藏地/架位号 | 状态 | 备注 |
| 1 | 538394 | 205383949 | 第二样本阅览室/ [索取号:K247.09/32] | 在馆 | |
| 2 | 538395 | 205383958 | 第二借阅区/ [索取号:K247.09/32] | 在馆 | |
| 3 | 538396 | 205383967 | 第二借阅区/ [索取号:K247.09/32] |
已借出,限还日期为2026.05.11 借出人:王铭煦 |
|
| 4 | 538397 | 205383976 | 第二借阅区/ [索取号:K247.09/32] | 在馆 | |
| 5 | 538398 | 205383985 | 第二借阅区/ [索取号:K247.09/32] |
已借出,限还日期为2018.05.14 借出人:单 丽 |